00779nam a2200229Ia 4500003000400000005001700004008004100021020001500062040001800077041000800095082002300103100002400126245006800150250001200218260006600230300003100296650002700327650002800354650004300382650008900425650003500514OSt20250111090457.0210716s2002 xx 000 0 und d a0070495726 cAIMIT LIBRARY aeng a005.7401 21bBURD aBurleson, Donald K. aOracle9i unix administration handbook /cBy Donald K. Burleson. a1st ed. aNew Delhi :bTata McGraw Hill Publishing Company Ltd ,c2002. axxii,530 p.;bPBc24.5 cm. aUnix server management aDisk management in unix aOracle interfaces with the unix server aInteraction between oracle and the unix serverUnix administration for the oracle dba aOracle file management in unix